Statistics for Pinpoint the skyscraper

Click here to take the quiz!

General Stats

  • This quiz has been taken 9 times
  • The average score is 7 of 10

Answer Stats

QuestionAnswer% Correct
Burj Khalifa's location?Dubai
100%
Merdeka 118Kuala Lumpur
86%
The Shard's location?London
86%
Makkah Royal Clock Tower's location?Mecca
86%
Zifeng Tower's location?Nanjing
86%
One Raffles Place's location?Singapore
86%
China Zun's location?Beijing
71%
Necom House's location?Lagos
57%
One TowerBalneário Camboriú
29%
Guangxi China Recources Tower's location?Nanning
29%

Score Distribution

Percentile by Number Answered

Percent of People with Each Score

Your Score History

You have not taken this quiz